| 000 | 00420nam a22001577a 4500 | ||
|---|---|---|---|
| 003 | OSt | ||
| 008 | 210915b ||||| |||| 00| 0 eng d | ||
| 020 | _a9789387973459 | ||
| 082 |
_a635 _bTYA/VA |
||
| 245 | _aValue Addition & Postharvest Techniques | ||
| 260 |
_aNew Delhi _bNew India Publishing Agency _c2019 |
||
| 300 | _a148 Pages | ||
| 490 | _aHi- Horticulture Vol. 5 | ||
| 700 |
_aTyagi, Sachin _95063 |
||
| 942 | _cBK | ||
| 999 |
_c17436 _d17436 |
||